Titres de chansons de Joëlle - Clic Quiz - Statistiques

Statistiques générales
  • Ce quiz a été pris 25 fois
  • Le résultat moyen est 15 sur 20
Statistiques - réponses
Hint Réponse % Correct
J'm'engueule toute Seule
100%
Le trèfle à quatre Feuilles
96%
C'est fini n'en parlons Plus
96%
13 Ans
91%
Comme le soleil en Hiver
91%
T'as Raison
91%
Vous les Hommes
87%
Rose sur mes Joues
87%
Tout le monde sauf Toi
87%
Marianophobe et Beetleman
74%
Bienvenue à Bord
74%
Aime Moi
70%
Tu Sonnes
70%
Homme Impossible
65%
Sonne Carillonne
61%
La fille de L'univers
61%
Il M'appelle
61%
Je Rêve
57%
Rien que pour Ca
48%
Mon pays c'est les Gens
39%
Aucun quiz correspondant
Distribution des résultats
% des personnes avec chaque résultat
Percentile par nombre de réponses
Votre historique - résultats
Vous n’avez pas pris ce quiz